[Event "48th Continental Open"]
[Site "Sturbridge, MA"]
[Date "2018.08.19"]
[Round "7.11"]
[White "Tang, Jason"]
[Black "Graif, William"]
[Result "0-1"]
[WhiteElo "1908"]
[BlackElo "2123"]
[PlyCount "90"]
[EventDate "2018.08.??"]
[EventType "swiss"]
[EventRounds "9"]
[EventCountry "USA"]
[TimeControl "6000+10"]
[WhiteClock "0:06:55"]
[BlackClock "0:01:24"]

1. e4 {[%emt 0:00:10]} c5 2. Nf3 {[%emt 0:00:11]} d6 {[%emt 0:00:33]} 3. d4 {
[%emt 0:00:13]} cxd4 {[%emt 0:00:14]} 4. Nxd4 {[%emt 0:00:11]} Nf6 {[%emt 0:00:
14]} 5. Nc3 {[%emt 0:00:14]} g6 {[%emt 0:00:14]} 6. Be3 {[%emt 0:00:12]} Bg7 {
[%emt 0:00:14]} 7. f3 {[%emt 0:00:13]} O-O {[%emt 0:00:14]} 8. Qd2 {[%emt 0:00:
11]} Nc6 {[%emt 0:00:19]} 9. O-O-O {[%emt 0:00:22]} d5 {[%emt 0:00:15]} 10. Kb1
{[%emt 0:00:14]} Nxd4 {[%emt 0:00:33]} 11. e5 {[%emt 0:00:13]} Nf5 {[%emt 0:00:
17]} 12. exf6 {[%emt 0:00:10]} exf6 {[%emt 0:00:17]} 13. Bc5 {[%emt 0:00:33]}
d4 {[%emt 0:00:22]} 14. Bxf8 {[%emt 0:00:12]} Qxf8 {[%emt 0:00:17]} 15. Nb5 {
[%emt 0:00:11]} Ne3 {[%emt 0:00:21]} 16. Re1 {[%emt 0:00:11]} f5 {[%emt 0:00:
19]} 17. f4 {[%emt 0:00:11]} Qc5 {[%emt 0:01:28]} 18. c3 {[%emt 0:00:15]} Be6 {
[%emt 0:01:11]} 19. Nxd4 {[%emt 0:09:16]} Nxf1 {[%emt 0:00:29]} 20. Rhxf1 {
[%emt 0:01:32]} Bd5 {[%emt 0:00:22]} 21. Nb3 {[%emt 0:17:46]} Qc4 {[%emt 0:16:
19]} 22. Rf2 {[%emt 0:17:52]} a5 {[%emt 0:24:17]} 23. Rfe2 {[%emt 0:30:10]}
Be4+ {[%emt 0:11:44]} 24. Rxe4 {[%emt 0:01:08]} fxe4 {[%emt 0:00:17]} 25. Qe2 {
[%emt 0:01:05]} Qxe2 {[%emt 0:01:08]} 26. Rxe2 {[%emt 0:00:10]} f5 {[%emt 0:00:
44]} 27. a4 {[%emt 0:02:30]} b6 {[%emt 0:02:18]} 28. Kc2 {[%emt 0:00:57]} Kf7 {
[%emt 0:01:34]} 29. Nd2 {[%emt 0:00:17]} Rc8 {[%emt 0:00:11]} 30. Kb3 {[%emt 0:
01:04]} Ke6 {[%emt 0:01:23]} 31. Nc4 {[%emt 0:02:37]} Bf8 {[%emt 0:08:34]} 32.
Ne3 {[%emt 0:01:49]} Bc5 {[%emt 0:04:50]} 33. Kc2 {[%emt 0:01:13]} h6 {[%emt 0:
01:45]} 34. h4 {[%emt 0:03:20]} Bd6 {[%emt 0:02:54]} 35. g3 {[%emt 0:01:26]} g5
{[%emt 0:00:18]} 36. hxg5 {[%emt 0:00:26]} hxg5 {[%emt 0:00:15]} 37. Rh2 {
[%emt 0:00:15]} gxf4 {[%emt 0:01:44]} 38. Rh6+ {[%emt 0:00:11]} Ke5 {[%emt 0:
00:27]} 39. gxf4+ {[%emt 0:00:48]} Kxf4 {[%emt 0:00:16]} 40. Nxf5 {[%emt 0:01:
33]} Bf8 {[%emt 0:03:07]} 41. Nd6 {[%emt 0:01:50]} Bxh6 {[%emt 0:13:25]} 42.
Nxc8 {[%emt 0:00:14]} e3 {[%emt 0:00:34]} 43. Nd6 {[%emt 0:00:00]} e2 {[%emt 0:
00:43]} 44. Kd2 {[%emt 0:00:00]} Kf3+ {[%emt 0:00:00]} 45. Ke1 {[%emt 0:00:00]}
Bg5 {[%emt 0:00:00]} 0-1

[Event "48th Continental Open"]
[Site "Sturbridge, MA"]
[Date "2018.08.19"]
[Round "7.12"]
[White "Wu, Brandon"]
[Black "Falcao, Wesley"]
[Result "1-0"]
[WhiteElo "1980"]
[BlackElo "2148"]
[PlyCount "97"]
[EventDate "2018.08.??"]
[EventType "swiss"]
[EventRounds "9"]
[EventCountry "USA"]
[TimeControl "6000+10"]
[WhiteClock "0:02:45"]
[BlackClock "0:00:26"]

1. Nf3 {[%emt 0:00:10]} c5 {[%emt 0:00:42]} 2. c4 {[%emt 0:00:21]} Nf6 {
[%emt 0:01:31]} 3. g3 {[%emt 0:02:17]} b6 {[%emt 0:00:48]} 4. Bg2 {[%emt 0:00:
22]} Bb7 {[%emt 0:00:15]} 5. O-O {[%emt 0:00:16]} e6 {[%emt 0:00:39]} 6. Nc3 {
[%emt 0:00:18]} Be7 {[%emt 0:04:10]} 7. Re1 {[%emt 0:02:47]} d6 {[%emt 0:03:47]
} 8. e4 {[%emt 0:00:25]} e5 {[%emt 0:00:40]} 9. Rb1 {[%emt 0:09:32]} Nc6 {
[%emt 0:08:45]} 10. d3 {[%emt 0:04:30]} O-O {[%emt 0:00:50]} 11. a3 {[%emt 0:
03:22]} Bc8 {[%emt 0:02:12]} 12. h3 {[%emt 0:02:13]} Bd7 {[%emt 0:06:57]} 13.
b4 {[%emt 0:07:14]} Rc8 {[%emt 0:09:02]} 14. Bd2 {[%emt 0:10:22]} Be6 {[%emt 0:
08:10]} 15. Nd5 {[%emt 0:03:17]} Qd7 {[%emt 0:04:50]} 16. Kh2 {[%emt 0:02:46]}
Ne8 {[%emt 0:05:03]} 17. Qa4 {[%emt 0:07:16]} Bd8 {[%emt 0:06:16]} 18. g4 {
[%emt 0:06:46]} h6 {[%emt 0:05:13]} 19. bxc5 {[%emt 0:03:09]} dxc5 {[%emt 0:01:
29]} 20. Qc2 {[%emt 0:06:21]} g5 {[%emt 0:03:39]} 21. Bc3 {[%emt 0:06:58]} f6 {
[%emt 0:00:45]} 22. Ne3 {[%emt 0:02:29]} Rf7 {[%emt 0:00:35]} 23. Nf5 {[%emt 0:
03:35]} Rh7 {[%emt 0:00:22]} 24. Nd2 {[%emt 0:07:05]} Bc7 {[%emt 0:04:32]} 25.
Kg1 {[%emt 0:02:03]} h5 {[%emt 0:04:16]} 26. Nf1 {[%emt 0:01:10]} Bd8 {[%emt 0:
04:52]} 27. N1g3 {[%emt 0:01:17]} hxg4 {[%emt 0:02:22]} 28. hxg4 {[%emt 0:00:
19]} Bf7 {[%emt 0:00:17]} 29. f3 {[%emt 0:01:17]} Nc7 {[%emt 0:00:35]} 30. Kf2
{[%emt 0:01:07]} Ne6 {[%emt 0:01:18]} 31. Rh1 {[%emt 0:01:02]} Bg6 {[%emt 0:01:
39]} 32. Rxh7 {[%emt 0:03:01]} Bxh7 {[%emt 0:00:18]} 33. Ne3 {[%emt 0:00:00]}
Nf4 {[%emt 0:05:31]} 34. Nd5 {[%emt 0:00:11]} Bg6 {[%emt 0:00:59]} 35. Rh1 {
[%emt 0:00:29]} Kg7 {[%emt 0:00:59]} 36. Nf5+ {[%emt 0:00:00]} Kf7 {[%emt 0:01:
28]} 37. Bd2 {[%emt 0:00:07]} Ne6 {[%emt 0:00:17]} 38. Qb1 {[%emt 0:00:25]} Kg8
{[%emt 0:00:00]} 39. Rh6 {[%emt 0:00:00]} Nf8 {[%emt 0:00:35]} 40. Qh1 {
[%emt 0:00:00]} Nd4 {[%emt 0:00:11]} 41. Rh8+ {[%emt 0:00:13]} Kf7 {[%emt 0:00:
06]} 42. Qh6 {[%emt 0:00:00]} Nde6 {[%emt 0:00:00]} 43. f4 {[%emt 0:00:00]} Rb8
{[%emt 0:00:00]} 44. fxe5 {[%emt 0:00:00]} fxe5 {[%emt 0:00:00]} 45. Rxf8+ {
[%emt 0:00:00]} Nxf8 {[%emt 0:00:00]} 46. Qg7+ {[%emt 0:00:00]} Ke8 {[%emt 0:
00:00]} 47. Qxe5+ {[%emt 0:00:00]} Ne6 {[%emt 0:00:35]} 48. Nd6+ {[%emt 0:00:
00]} Kf8 {[%emt 0:00:14]} 49. Qh8# {[%emt 0:00:00]} 1-0

[Event "48th Continental Open"]
[Site "Sturbridge, MA"]
[Date "2018.08.19"]
[Round "7.13"]
[White "Chen, Jacob"]
[Black "Poliannikov, Danila"]
[Result "1-0"]
[WhiteElo "2084"]
[BlackElo "1994"]
[PlyCount "111"]
[EventDate "2018.08.??"]
[EventType "swiss"]
[EventRounds "9"]
[EventCountry "USA"]
[TimeControl "6000+10"]
[WhiteClock "0:00:58"]
[BlackClock "0:02:19"]

1. e4 {[%emt 0:00:10]} e5 {[%emt 0:00:20]} 2. Nf3 {[%emt 0:00:41]} Nc6 {
[%emt 0:00:10]} 3. c3 {[%emt 0:00:10]} Nf6 {[%emt 0:17:06]} 4. d4 {[%emt 0:01:
56]} exd4 {[%emt 0:00:10]} 5. e5 {[%emt 0:00:27]} Nd5 {[%emt 0:01:15]} 6. cxd4
{[%emt 0:00:17]} d6 {[%emt 0:06:18]} 7. Bb5 {[%emt 0:01:45]} Be7 {[%emt 0:08:
05]} 8. O-O {[%emt 0:10:28]} O-O {[%emt 0:00:27]} 9. Nc3 {[%emt 0:06:51]} Nb6 {
[%emt 0:15:21]} 10. h3 {[%emt 0:17:47]} Bf5 {[%emt 0:01:14]} 11. Be3 {[%emt 0:
03:50]} a6 {[%emt 0:07:34]} 12. Bxc6 {[%emt 0:09:10]} bxc6 {[%emt 0:00:27]} 13.
Qe2 {[%emt 0:01:12]} d5 {[%emt 0:17:39]} 14. Rac1 {[%emt 0:20:23]} Bd7 {
[%emt 0:08:46]} 15. Rfd1 {[%emt 0:03:27]} Re8 {[%emt 0:00:11]} 16. Ne1 {
[%emt 0:04:34]} f5 {[%emt 0:03:06]} 17. f4 {[%emt 0:03:56]} a5 {[%emt 0:01:48]}
18. Nd3 {[%emt 0:02:02]} Bb4 {[%emt 0:04:23]} 19. Nb1 {[%emt 0:00:10]} Nc4 {
[%emt 0:00:10]} 20. Nd2 {[%emt 0:01:14]} Bxd2 {[%emt 0:01:57]} 21. Bxd2 {
[%emt 0:00:18]} a4 {[%emt 0:01:23]} 22. Bb4 {[%emt 0:00:00]} Qh4 {[%emt 0:00:
14]} 23. Qf2 {[%emt 0:00:00]} Qxf2+ {[%emt 0:00:10]} 24. Kxf2 {[%emt 0:00:00]}
a3 {[%emt 0:00:13]} 25. b3 {[%emt 0:00:00]} Nb2 {[%emt 0:00:11]} 26. Rd2 {
[%emt 0:00:00]} Nxd3+ {[%emt 0:00:11]} 27. Rxd3 {[%emt 0:00:00]} Kf7 {[%emt 0:
00:13]} 28. Bd2 {[%emt 0:00:00]} Reb8 {[%emt 0:00:11]} 29. Rb1 {[%emt 0:00:00]}
Bc8 {[%emt 0:00:10]} 30. Rc3 {[%emt 0:00:00]} Rb6 {[%emt 0:00:11]} 31. Rc5 {
[%emt 0:00:00]} Ke6 {[%emt 0:00:12]} 32. Ba5 {[%emt 0:00:00]} Rba6 {[%emt 0:00:
10]} 33. Bxc7 {[%emt 0:00:00]} R8a7 {[%emt 0:00:12]} 34. Bd6 {[%emt 0:00:00]}
Bd7 {[%emt 0:00:15]} 35. Rc2 {[%emt 0:00:00]} Ra8 {[%emt 0:00:24]} 36. Bb4 {
[%emt 0:00:00]} Rb8 {[%emt 0:00:11]} 37. Bd2 {[%emt 0:00:00]} g6 {[%emt 0:00:
10]} 38. b4 {[%emt 0:00:00]} Ra4 {[%emt 0:00:10]} 39. Rb3 {[%emt 0:00:00]} Rb6
{[%emt 0:00:10]} 40. Rc1 {[%emt 0:00:00]} h5 {[%emt 0:00:11]} 41. Re1 {[%emt 0:
00:00]} Rb8 {[%emt 0:00:14]} 42. Ree3 {[%emt 0:00:00]} Rba8 {[%emt 0:00:10]}
43. Ke1 {[%emt 0:11:00]} R8a6 {[%emt 0:00:15]} 44. Kd1 {[%emt 0:00:14]} Ra8 {
[%emt 0:00:14]} 45. Kc2 {[%emt 0:00:11]} Be8 {[%emt 0:00:11]} 46. Bc1 {[%emt 0:
01:42]} Bd7 {[%emt 0:00:10]} 47. Rxa3 {[%emt 0:00:49]} Rxa3 {[%emt 0:02:48]}
48. Rxa3 {[%emt 0:00:56]} Rxa3 {[%emt 0:00:10]} 49. Bxa3 {[%emt 0:00:10]} Bc8 {
[%emt 0:01:17]} 50. h4 {[%emt 0:00:10]} Ba6 {[%emt 0:00:10]} 51. Bc1 {[%emt 0:
01:51]} Bb5 {[%emt 0:00:10]} 52. a3 {[%emt 0:00:00]} Ba4+ {[%emt 0:00:10]} 53.
Kc3 {[%emt 0:00:00]} Bd1 {[%emt 0:00:37]} 54. b5 {[%emt 0:00:11]} cxb5 {
[%emt 0:00:00]} 55. Kb4 {[%emt 0:00:10]} Be2 {[%emt 0:00:00]} 56. Kc5 {[%emt 0:
00:10]} 1-0

[Event "48th Continental Open"]
[Site "Sturbridge, MA"]
[Date "2018.08.19"]
[Round "7.14"]
[White "Kavi, Nithin"]
[Black "Padmanabhan, Karthik"]
[Result "1/2-1/2"]
[WhiteElo "1995"]
[BlackElo "1879"]
[PlyCount "65"]
[EventDate "2018.08.??"]
[EventType "swiss"]
[EventRounds "9"]
[EventCountry "USA"]
[TimeControl "6000+10"]
[WhiteClock "1:26:10"]
[BlackClock "0:04:32"]

1. Nf3 {[%emt 0:00:10]} Nf6 {[%emt 0:05:14]} 2. c4 {[%emt 0:00:11]} e6 {
[%emt 0:05:29]} 3. g3 {[%emt 0:00:11]} d5 {[%emt 0:01:17]} 4. d4 {[%emt 0:00:
11]} Be7 {[%emt 0:02:43]} 5. Bg2 {[%emt 0:00:11]} O-O {[%emt 0:00:10]} 6. O-O {
[%emt 0:00:24]} dxc4 {[%emt 0:00:38]} 7. Qc2 {[%emt 0:00:10]} a6 {[%emt 0:00:
29]} 8. a4 {[%emt 0:00:11]} a5 {[%emt 0:01:42]} 9. Qxc4 {[%emt 0:05:13]} Na6 {
[%emt 0:02:57]} 10. Bf4 {[%emt 0:00:10]} Nd5 {[%emt 0:13:09]} 11. Bd2 {[%emt 0:
00:11]} Nab4 {[%emt 0:01:04]} 12. Nc3 {[%emt 0:03:19]} c6 {[%emt 0:04:14]} 13.
e4 {[%emt 0:05:23]} Nf6 {[%emt 0:14:18]} 14. Qb3 {[%emt 0:00:10]} b6 {[%emt 0:
13:43]} 15. Rfe1 {[%emt 0:00:10]} Ba6 {[%emt 0:02:47]} 16. Na2 {[%emt 0:00:10]}
Nd3 {[%emt 0:18:32]} 17. Re3 {[%emt 0:00:10]} c5 {[%emt 0:03:52]} 18. Qc2 {
[%emt 0:00:10]} c4 {[%emt 0:09:51]} 19. h3 {[%emt 0:00:11]} Rc8 {[%emt 0:00:00]
} 20. Bc3 {[%emt 0:00:11]} Nb4 {[%emt 0:00:00]} 21. Qd2 {[%emt 0:00:10]} Bb7 {
[%emt 0:00:00]} 22. Ne5 {[%emt 0:00:10]} Nd7 {[%emt 0:00:00]} 23. Nxd7 {
[%emt 0:00:10]} Qxd7 {[%emt 0:00:00]} 24. Nxb4 {[%emt 0:00:10]} axb4 {[%emt 0:
00:00]} 25. Bxb4 {[%emt 0:00:10]} Bxb4 {[%emt 0:00:00]} 26. Qxb4 {[%emt 0:00:
11]} Qxd4 {[%emt 0:00:00]} 27. a5 {[%emt 0:00:10]} Qc5 {[%emt 0:00:00]} 28.
Qxc5 {[%emt 0:00:10]} Rxc5 {[%emt 0:00:00]} 29. a6 {[%emt 0:00:10]} Ba8 {
[%emt 0:00:00]} 30. Rc3 {[%emt 0:00:10]} Rfc8 {[%emt 0:00:00]} 31. e5 {[%emt 0:
00:11]} b5 {[%emt 0:01:50]} 32. Bb7 {[%emt 0:00:11]} Rb8 {[%emt 0:00:00]} 33.
Bxa8 {[%emt 0:00:10]} 1/2-1/2

[Event "48th Continental Open"]
[Site "Sturbridge, MA"]
[Date "2018.08.19"]
[Round "7.15"]
[White "Torres, Yelfry"]
[Black "Li, Jerry"]
[Result "1-0"]
[WhiteElo "2120"]
[BlackElo "1943"]
[PlyCount "95"]
[EventDate "2018.08.??"]
[EventType "swiss"]
[EventRounds "9"]
[EventCountry "USA"]

1. c4 e6 2. Nf3 Nf6 3. b3 Be7 4. Bb2 d5 5. g3 c5 6. e3 b6 7. Bg2 Bb7 8. O-O O-O
9. cxd5 Bxd5 10. Nc3 Bb7 11. d4 Nbd7 12. Qe2 cxd4 13. Nxd4 Bxg2 14. Kxg2 Bc5
15. Rfd1 Bxd4 16. Rxd4 Qe7 17. Nb5 Rfd8 18. Rad1 Nc5 19. Rxd8+ Rxd8 20. Nxa7
Ra8 21. Nc6 Qb7 22. Qf3 Nd5 23. Ne5 Rxa2 24. Bd4 f6 25. Bxc5 bxc5 26. e4 fxe5
27. exd5 Qf7 28. d6 Qd7 29. Qe4 Ra3 30. Rd3 Ra6 31. Qxe5 Rc6 32. h4 c4 33. bxc4
Rxc4 34. Ra3 Kf7 35. Kh2 Rc6 36. Qf4+ Kg8 37. Ra8+ Rc8 38. Ra6 Qf7 39. Qd4 Rd8
40. Ra7 e5 41. Qc5 Qf5 42. Qd5+ Kf8 43. Kg2 Qf6 44. Ra8 e4 45. Rxd8+ Qxd8 46.
d7 h6 47. Qf5+ Kg8 48. h5 1-0

[Event "48th Continental Open"]
[Site "Sturbridge, MA"]
[Date "2018.08.19"]
[Round "7.16"]
[White "Riddell, John"]
[Black "Kang, Dorian"]
[Result "0-1"]
[WhiteElo "2103"]
[BlackElo "1853"]
[PlyCount "62"]
[EventDate "2018.08.??"]
[EventType "swiss"]
[EventRounds "9"]
[EventCountry "USA"]
[TimeControl "6000+10"]
[WhiteClock "0:00:02"]
[BlackClock "0:13:50"]

1. e4 {[%emt 0:00:10]} c5 2. Nf3 {[%emt 0:00:18]} Nc6 {[%emt 0:00:34]} 3. Bb5 {
[%emt 0:00:19]} g6 {[%emt 0:00:19]} 4. O-O {[%emt 0:00:29]} Bg7 {[%emt 0:00:13]
} 5. Re1 {[%emt 0:00:30]} Nf6 {[%emt 0:01:21]} 6. c3 {[%emt 0:08:39]} O-O {
[%emt 0:06:58]} 7. d4 {[%emt 0:06:51]} d5 {[%emt 0:08:42]} 8. exd5 {[%emt 0:07:
10]} Qxd5 {[%emt 0:04:10]} 9. c4 {[%emt 0:15:11]} Qd6 {[%emt 0:02:31]} 10. dxc5
{[%emt 0:11:06]} Qxc5 {[%emt 0:01:20]} 11. Be3 {[%emt 0:02:14]} Qh5 {[%emt 0:
06:41]} 12. h3 {[%emt 0:29:26]} Rd8 {[%emt 0:12:30]} 13. Qe2 {[%emt 0:04:33]}
Bf5 {[%emt 0:10:38]} 14. Nbd2 {[%emt 0:09:29]} Nb4 {[%emt 0:05:15]} 15. Nf1 {
[%emt 0:01:42]} Bd3 {[%emt 0:02:23]} 16. Qd2 {[%emt 0:00:10]} Bxc4 {[%emt 0:04:
12]} 17. Qxb4 {[%emt 0:00:14]} Qxb5 {[%emt 0:00:17]} 18. Qxe7 {[%emt 0:00:50]}
Nd5 {[%emt 0:05:47]} 19. Qh4 {[%emt 0:00:13]} Bxf1 {[%emt 0:07:24]} 20. Rxf1 {
[%emt 0:00:26]} Nxe3 {[%emt 0:08:06]} 21. fxe3 {[%emt 0:00:14]} h6 {[%emt 0:00:
11]} 22. Rf2 {[%emt 0:03:12]} Rd7 {[%emt 0:00:13]} 23. Raf1 {[%emt 0:00:16]}
Re8 {[%emt 0:00:13]} 24. Nd4 {[%emt 0:00:12]} Qd5 {[%emt 0:00:10]} 25. Qf4 {
[%emt 0:00:13]} Kh7 {[%emt 0:00:10]} 26. b3 {[%emt 0:00:12]} f5 {[%emt 0:00:10]
} 27. Rd2 {[%emt 0:00:10]} Re4 {[%emt 0:00:10]} 28. Qb8 {[%emt 0:00:10]} Qa5 {
[%emt 0:00:14]} 29. Rfd1 {[%emt 0:00:11]} Rxe3 {[%emt 0:00:17]} 30. Nf3 {
[%emt 0:00:08]} Rxd2 {[%emt 0:00:11]} 31. Rxd2 {[%emt 0:00:10]} Rxf3 {[%emt 0:
00:10]} 0-1

[Event "48th Continental Open"]
[Site "Sturbridge, MA"]
[Date "2018.08.19"]
[Round "7.17"]
[White "Zhao, Jeffrey Renfei"]
[Black "Taylor, Steven"]
[Result "1-0"]
[WhiteElo "1827"]
[BlackElo "2081"]
[PlyCount "67"]
[EventDate "2018.08.??"]
[EventType "swiss"]
[EventRounds "9"]
[EventCountry "USA"]
[TimeControl "6000+10"]
[WhiteClock "0:49:17"]
[BlackClock "0:25:29"]

1. e4 {[%emt 0:00:10]} c5 2. Nf3 {[%emt 0:00:13]} Nc6 {[%emt 0:00:38]} 3. d4 {
[%emt 0:00:11]} cxd4 {[%emt 0:00:30]} 4. Nxd4 {[%emt 0:00:14]} Nf6 {[%emt 0:00:
32]} 5. Nc3 {[%emt 0:00:13]} d6 {[%emt 0:00:34]} 6. f3 {[%emt 0:01:37]} e5 {
[%emt 0:02:07]} 7. Nb3 {[%emt 0:01:00]} Be6 {[%emt 0:02:14]} 8. Be3 {[%emt 0:
00:33]} d5 {[%emt 0:15:15]} 9. exd5 {[%emt 0:05:15]} Nxd5 {[%emt 0:04:37]} 10.
Nxd5 {[%emt 0:00:35]} Bxd5 {[%emt 0:15:02]} 11. Qd2 {[%emt 0:00:36]} Bxb3 {
[%emt 0:03:08]} 12. axb3 {[%emt 0:00:33]} Qc7 {[%emt 0:03:00]} 13. Bb5 {
[%emt 0:06:47]} Be7 {[%emt 0:05:07]} 14. O-O {[%emt 0:00:11]} O-O {[%emt 0:01:
39]} 15. Qc3 {[%emt 0:00:10]} Bf6 {[%emt 0:00:11]} 16. Bxc6 {[%emt 0:00:10]}
bxc6 {[%emt 0:02:08]} 17. Qa5 {[%emt 0:01:48]} Qd7 {[%emt 0:04:17]} 18. Rfd1 {
[%emt 0:02:54]} Qf5 {[%emt 0:00:23]} 19. Rd3 {[%emt 0:07:33]} Rfd8 {[%emt 0:05:
21]} 20. Rad1 {[%emt 0:01:35]} Rxd3 {[%emt 0:01:49]} 21. Rxd3 {[%emt 0:00:22]}
h5 {[%emt 0:00:18]} 22. Qa4 {[%emt 0:12:35]} a5 {[%emt 0:02:24]} 23. Qe4 {
[%emt 0:03:43]} Qxe4 {[%emt 0:04:08]} 24. fxe4 {[%emt 0:00:21]} a4 {[%emt 0:00:
10]} 25. Kf2 {[%emt 0:01:37]} a3 {[%emt 0:00:56]} 26. bxa3 {[%emt 0:00:33]}
Rxa3 {[%emt 0:00:11]} 27. Rd6 {[%emt 0:00:12]} Ra6 {[%emt 0:00:11]} 28. b4 {
[%emt 0:00:31]} Be7 {[%emt 0:01:26]} 29. b5 {[%emt 0:00:32]} Ra4 {[%emt 0:00:
17]} 30. Rxc6 {[%emt 0:00:22]} Rxe4 {[%emt 0:00:20]} 31. c4 {[%emt 0:01:53]} f5
{[%emt 0:00:44]} 32. b6 {[%emt 0:00:33]} f4 {[%emt 0:00:14]} 33. b7 {[%emt 0:
00:38]} fxe3+ {[%emt 0:00:20]} 34. Ke2 {[%emt 0:00:13]} 1-0

[Event "48th Continental Open"]
[Site "Sturbridge, MA"]
[Date "2018.08.19"]
[Round "7.19"]
[White "Ramanathan, Suraj"]
[Black "Cui, Cynthia"]
[Result "1/2-1/2"]
[WhiteElo "1961"]
[BlackElo "1798"]
[PlyCount "55"]
[EventDate "2018.08.??"]
[EventType "swiss"]
[EventRounds "9"]
[EventCountry "USA"]

1. d4 e6 2. c4 Nf6 3. Nf3 b6 4. g3 Bb7 5. Bg2 Be7 6. Nc3 O-O 7. d5 exd5 8. Nh4
Na6 9. cxd5 Ne8 10. Nf5 Nd6 11. Nd4 Qc8 12. Bf4 c5 13. dxc6 dxc6 14. O-O Rd8
15. Qc2 c5 16. Nf3 h6 17. Rfd1 Nb4 18. Qb1 Ne8 19. a3 Nd5 20. Nxd5 Bxd5 21.
Rxd5 Rxd5 22. Ne5 Qe6 23. Bxd5 Qxd5 24. Qc2 g5 25. Rd1 Qe6 26. Qe4 Rd8 27. Rxd8
Bxd8 28. Bd2 1/2-1/2

[Event "48th Continental Open"]
[Site "Sturbridge, MA"]
[Date "2018.08.19"]
[Round "7.20"]
[White "Slade, Theo"]
[Black "Yu, Alex"]
[Result "1/2-1/2"]
[WhiteElo "1960"]
[BlackElo "1852"]
[PlyCount "112"]
[EventDate "2018.08.??"]
[EventType "swiss"]
[EventRounds "9"]
[EventCountry "USA"]
[TimeControl "6000+10"]
[WhiteClock "0:00:04"]
[BlackClock "0:00:30"]

1. d4 {[%emt 0:00:10]} Nf6 {[%emt 0:00:42]} 2. c4 {[%emt 0:00:21]} g6 {[%emt 0:
00:29]} 3. Nc3 {[%emt 0:00:20]} d5 {[%emt 0:00:54]} 4. cxd5 {[%emt 0:01:30]}
Nxd5 {[%emt 0:00:19]} 5. e4 {[%emt 0:00:17]} Nxc3 {[%emt 0:00:21]} 6. bxc3 {
[%emt 0:00:10]} Bg7 {[%emt 0:00:18]} 7. Bc4 {[%emt 0:01:45]} c5 {[%emt 0:00:11]
} 8. Ne2 {[%emt 0:00:30]} O-O {[%emt 0:00:45]} 9. O-O {[%emt 0:02:31]} Nc6 {
[%emt 0:01:01]} 10. Be3 {[%emt 0:01:04]} e5 {[%emt 0:10:15]} 11. dxc5 {[%emt 0:
09:26]} Bd7 {[%emt 0:23:45]} 12. Bg5 {[%emt 0:22:54]} Qxg5 {[%emt 0:04:04]} 13.
Qxd7 {[%emt 0:02:13]} Qe7 {[%emt 0:07:02]} 14. Qxe7 {[%emt 0:07:45]} Nxe7 {
[%emt 0:00:20]} 15. Rab1 {[%emt 0:01:54]} Rab8 {[%emt 0:17:11]} 16. Bd5 {
[%emt 0:11:49]} Nxd5 {[%emt 0:10:27]} 17. exd5 {[%emt 0:00:10]} Rfc8 {[%emt 0:
00:44]} 18. Rb5 {[%emt 0:04:57]} Bf8 {[%emt 0:02:57]} 19. d6 {[%emt 0:01:30]}
a6 {[%emt 0:10:15]} 20. Ra5 {[%emt 0:00:11]} b6 {[%emt 0:00:53]} 21. cxb6 {
[%emt 0:14:02]} Rxb6 {[%emt 0:00:40]} 22. Rxe5 {[%emt 0:01:09]} Bxd6 {[%emt 0:
00:11]} 23. Re4 {[%emt 0:14:38]} Rb2 {[%emt 0:00:11]} 24. a4 {[%emt 0:00:13]}
Ra2 {[%emt 0:00:10]} 25. Rd1 {[%emt 0:00:13]} Rb8 {[%emt 0:00:11]} 26. g3 {
[%emt 0:00:14]} Bc5 {[%emt 0:00:10]} 27. Rd5 {[%emt 0:00:13]} Rb1+ {[%emt 0:00:
10]} 28. Kg2 {[%emt 0:00:11]} Bb6 {[%emt 0:00:10]} 29. Rd6 {[%emt 0:00:00]}
Rbb2 {[%emt 0:00:10]} 30. Kf3 {[%emt 0:00:00]} a5 {[%emt 0:00:10]} 31. Rd5 {
[%emt 0:01:29]} Kg7 {[%emt 0:00:11]} 32. Rd7 {[%emt 0:01:12]} Bc5 {[%emt 0:00:
10]} 33. Rc7 {[%emt 0:00:00]} Bb6 {[%emt 0:00:10]} 34. Rb7 {[%emt 0:00:00]} Kg8
{[%emt 0:00:10]} 35. Re8+ {[%emt 0:00:00]} Kg7 {[%emt 0:00:10]} 36. Ree7 {
[%emt 0:00:01]} Kg8 {[%emt 0:00:10]} 37. c4 {[%emt 0:00:00]} Bc5 {[%emt 0:00:
14]} 38. Rxb2 {[%emt 0:00:00]} Rxb2 {[%emt 0:00:10]} 39. Re5 {[%emt 0:00:00]}
Bb4 {[%emt 0:00:10]} 40. Ke3 {[%emt 0:00:00]} Ra2 {[%emt 0:00:10]} 41. c5 {
[%emt 0:00:00]} Rc2 {[%emt 0:07:25]} 42. Kd3 {[%emt 0:00:34]} Rxc5 {[%emt 0:02:
43]} 43. Rxc5 {[%emt 0:00:19]} Bxc5 {[%emt 0:00:10]} 44. Nd4 {[%emt 0:00:00]}
Kg7 {[%emt 0:00:00]} 45. Kc4 {[%emt 0:00:00]} Bb6 {[%emt 0:00:00]} 46. f3 {
[%emt 0:00:00]} Kf6 {[%emt 0:00:02]} 47. Nc6 {[%emt 0:00:38]} Bg1 {[%emt 0:00:
00]} 48. h3 {[%emt 0:00:00]} Bf2 {[%emt 0:00:00]} 49. g4 {[%emt 0:00:00]} Kg5 {
[%emt 0:00:01]} 50. Nxa5 {[%emt 0:01:38]} Kh4 {[%emt 0:00:10]} 51. Nc6 {
[%emt 0:00:00]} Be1 {[%emt 0:00:11]} 52. a5 {[%emt 0:00:00]} Bxa5 {[%emt 0:00:
12]} 53. Nxa5 {[%emt 0:00:00]} Kxh3 {[%emt 0:00:10]} 54. g5 {[%emt 0:00:00]}
Kh4 {[%emt 0:00:10]} 55. Kd3 {[%emt 0:00:55]} Kxg5 {[%emt 0:00:11]} 56. Ke2 {
[%emt 0:00:10]} Kf4 {[%emt 0:00:44]} 1/2-1/2